Top 50 Strongest Militaries - Statistics

General Stats
  • This quiz has been taken 1,301 times
    1,011 since last reset
  • The average score is 39 of 50
Answer Stats
Index Country % Correct
0.0722 China
98%
0.0714 Russia
98%
0.0712 United States
98%
0.1848 United Kingdom
97%
0.1435 France
96%
0.1025 India
96%
0.2016 Brazil
92%
0.1505 South Korea
92%
0.1694 Japan
91%
0.3738 Germany
90%
0.2151 Italy
90%
0.4243 Mexico
89%
0.4621 Canada
88%
0.1711 Pakistan
88%
0.3626 Spain
88%
0.2224 Iran
87%
0.2221 Egypt
86%
0.2567 Ukraine
86%
0.3881 Argentina
85%
0.2757 Australia
85%
0.1973 Turkey
85%
0.4811 North Korea
84%
0.2855 Poland
83%
0.2516 Indonesia
82%
0.6189 Sweden
81%
0.2712 Saudi Arabia
79%
0.4885 South Africa
79%
0.7365 Iraq
78%
0.3406 Israel
77%
0.4687 Greece
75%
0.5679 Norway
75%
0.3556 Vietnam
74%
0.5870 Colombia
73%
0.5587 Chile
71%
0.3956 Algeria
70%
0.7979 Portugal
70%
0.3911 Thailand
70%
0.5768 Nigeria
67%
0.5118 Netherlands
66%
0.8099 Peru
65%
0.3639 Taiwan
64%
0.7011 Malaysia
61%
0.7712 Venezuela
61%
0.5289 Philippines
56%
0.7191 Switzerland
55%
0.6116 Bangladesh
52%
0.5801 Myanmar
52%
0.8011 Ethiopia
51%
0.4613 Singapore
44%
0.7849 Czech Republic
42%
No matching quizzes found
Score Distribution
Percent of People with Each Score
Percentile by Number Answered
Your Score History
You have not taken this quiz since the last reset